000 00600nam a2200253Ia 4500
003 OSt
005 20220912145431.0
006 a|||||r|||| 00| 0
007 ta
008 220909b |||||||| |||| 00| 0 eng d
024 _a66556
037 _cTextual
040 _aCSL
_beng
_cCSL
041 _aeng
082 _aL55:456:5, J8
100 _aBuxton C L
245 0 _ahuman infertility
260 _c1958
300 _ap.
_ccm.
650 _aMedicine
700 _a Southam A L
942 _hL55:456:5, J8
_cTEXL
_2CC
999 _c31768
_d31768